000
00312nam a22001217a 4500
999
_c
4369
_d
4369
008
250212b ||||| |||| 00| 0 eng d
020
_a
9788119307173
082
_a
582.16
100
_a
UNIVERSAL KNOWLEDGE LIBRARY
245
_a
TREES
260
_a
MUMBAI,INDIA
_b
WILCO INTERNATIONAL LLP,MUMBAI-INDIA
942
_2
ddc